000 01276 a2200253 4500
003 Nust
005 20230317094022.0
010 _a 85019821
020 _a0070637636
040 _cNust
082 0 0 _a621.395,PIP
100 1 _aPippenger, Dale E.
_9110492
245 1 0 _aLinear and interface circuits applications /
_cD.E. Pippenger and E.J. Tobaben ; contributors, C.L. McCollum, Field Applications Engineering, Linear Product Engineering.
250 _a2nd ed.
260 _aNew York :
_bMcGraw-Hill,
_cc1986.
300 _a254 p. in various pagings :
_bill. ;
_c29 cm.
440 0 _aTexas Intruments electronics series
_9110493
505 _aIntroduction (Page-1), Operational Amplifier and Comparator Theory (Page-2), Operational Amplifier and Comparator Applications (Page-3), Video Amplifiers (Page-4), Voltage Regulators (Page-5), Switching Power Supply Design (Page-6), Integrated Circuits Timers (Page-7), Display Drivers (Page-8), Data Transmission (Page-9), Peripheral Drivers (Page-10), Data Acquisition Systems (Page-11), Special Functions (Page-12).
650 0 _aInterface circuits.
_999543
650 0 _aLinear integrated circuits.
_955531
700 1 _aTobaben, E. J.
_9110494
710 2 _aTexas Instruments Incorporated.
_9103582
942 _2ddc
_cBK
999 _c183854
_d183854